[Event "Skakligaen 2020-21"]
[Site "Denmark"]
[Date "2020.10.25"]
[Round "2.6"]
[White "Smith, Axel"]
[Black "Ochsner, Thomas"]
[Result "1-0"]
[WhiteElo "2448"]
[BlackElo "2249"]
[WhiteFideId "1707930"]
[BlackFideId "1400711"]
[EventDate "2020.10.25"]
[EventType "team-tourn"]
[EventRounds "9"]
[EventCountry "DEN"]
[WhiteTeam "Koge"]
[BlackTeam "AarhusSkolerne"]
[WhiteTeamCountry "DEN"]
[BlackTeamCountry "DEN"]

1. c4  Nf6  2. g3  e6
 3. Bg2  d5  4. Nf3
 Be7  5. O-O  O-O
 6. d4  b6  7. cxd5
 exd5  8. Nc3  Bb7
 9. Bf4  Na6  10. Ne5
 c6  11. Rc1  Nc7
 12. Na4  b5  13. Nxc6
 Bxc6  14. Rxc6  Ne6
 15. Nc5  Nxf4  16. gxf4
 Qe8  17. Ra6  Qc8
 18. Ra3  Bxc5  19. Rc3
 Ne4  20. Bxe4  dxe4
 21. e3  Qa6  22. Rxc5
 Qxa2  23. Rxb5  Rab8
 24. Rxb8  Rxb8  25. Qc2
 Qe6  26. Rc1  h5
 27. Qe2  Rb6  28. Qxh5
 Rxb2  29. d5  Qd7
 30. d6  g6  31. Rc7
 Qe6  32. f5   1-0

[Event "Skakligaen 2020-21"]
[Site "Denmark"]
[Date "2020.10.25"]
[Round "2.7"]
[White "Rendboe, John Filip"]
[Black "Chatalbashev, Boris"]
[Result "0-1"]
[WhiteElo "2169"]
[BlackElo "2522"]
[WhiteFideId "1403664"]
[BlackFideId "2900440"]
[EventDate "2020.10.25"]
[EventType "team-tourn"]
[EventRounds "9"]
[EventCountry "DEN"]
[WhiteTeam "AarhusSkolerne"]
[BlackTeam "Koge"]
[WhiteTeamCountry "DEN"]
[BlackTeamCountry "DEN"]

1. d4  Nf6  2. c4  g6
 3. g3  Bg7  4. Bg2
 d5  5. cxd5  Nxd5
 6. Nf3  Nb6  7. O-O
 Nc6  8. e3  O-O 
9. Nc3  Re8  10. b3  e5
 11. dxe5  Bg4  12. Qc2
 Nb4  13. Qe4  Bxf3
 14. Qxf3  Bxe5  15. Rd1
 Qe7  16. Bb2  c6
 17. a3  N4d5  18. Nxd5
 Nxd5  19. Bd4  a5
 20. Bf1  Rad8  21. a4
 Bxd4  22. Rxd4  Nc3
 23. Rxd8  Rxd8  24. Rc1
 Ne4  25. Rd1  Nd2
 26. Qf4  Qd6  27. Qxd6
 Rxd6  28. Be2  Kf8
 29. f4  Ke7  30. Kf2
 Nxb3  31. Rxd6  Kxd6
 32. Bc4  Nc5  33. Bxf7
 Nxa4  34. Bg8  Nc3
 35. Ke1  a4  36. Kd2
 Ne4+  37. Kc2  Nf6
  0-1

[Event "Skakligaen 2020-21"]
[Site "Denmark"]
[Date "2020.10.25"]
[Round "2.8"]
[White "Ahlander, Bjorn"]
[Black "Hagen, Kresten Skytte"]
[Result "1-0"]
[WhiteElo "2392"]
[BlackElo "2175"]
[WhiteFideId "1700251"]
[BlackFideId "1418629"]
[EventDate "2020.10.25"]
[EventType "team-tourn"]
[EventRounds "9"]
[EventCountry "DEN"]
[WhiteTeam "Koge"]
[BlackTeam "AarhusSkolerne"]
[WhiteTeamCountry "DEN"]
[BlackTeamCountry "DEN"]

1. d4  Nf6  2. c4  c5
 3. d5  e6  4. Nc3
 exd5  5. cxd5  d6
 6. e4  g6  7. Nf3
 Bg7  8. h3  O-O 
9. Bd3  a6  10. a4  Nbd7
 11. Bf4  Qe7  12. O-O
 Nh5  13. Bg5  Bf6
 14. Be3  Ne5  15. Be2
 Nxf3+  16. Bxf3  Ng7
 17. Re1  Bd7  18. a5
 Rab8  19. Qc2  b5
 20. axb6  Rxb6  21. Ra2
 Rfb8  22. Be2  Bc8
 23. Bc4  Bg5  24. b3
 Nh5  25. Qd2  Bxe3
 26. Qxe3  Qe5  27. Ne2
 g5  28. h4  h6 
29. Rf1  Nf4  30. g3  Nxe2+
 31. Rxe2  Bg4  32. f4
 gxf4  33. gxf4  Qe7
 34. Rg2  h5  35. e5
 Re8  36. Qf2  f5
 37. Re1  Kh7  38. Qg3
 Qg7  39. Kh2  Qe7
 40. Ra2  dxe5  41. fxe5
 f4  42. Qf2  f3 
43. Rd2  Qf8  44. Qg3  Qh6
 45. Rf2  Qf8  46. e6
 Qd6  47. Qxd6  Rxd6
 48. Ra1  Kg6  49. Ra5
 Rc8  50. Bxa6  Ra8
 51. Bd3+   1-0

[Event "Skakligaen 2020-21"]
[Site "Denmark"]
[Date "2020.10.25"]
[Round "2.1"]
[White "Andersen, Mads"]
[Black "Hector, Jonny"]
[Result "0-1"]
[WhiteElo "2577"]
[BlackElo "2483"]
[WhiteFideId "1413864"]
[BlackFideId "1700090"]
[EventDate "2020.10.25"]
[EventType "team-tourn"]
[EventRounds "9"]
[EventCountry "DEN"]
[WhiteTeam "Skanderborg"]
[BlackTeam "Nordkalotten"]
[WhiteTeamCountry "DEN"]
[BlackTeamCountry "DEN"]

1. d4  Nc6  2. Nf3  d5
 3. c4  Bg4  4. Nc3
 e6  5. cxd5  exd5
 6. Bg5  Be7  7. Bxe7
 Ngxe7  8. e3  O-O
 9. Bd3  Qd7  10. Rc1
 Rad8  11. O-O  Ng6
 12. h3  Bxf3  13. Qxf3
 Nce7  14. b4  a6
 15. a4  Kh8  16. Rc2
 f5  17. g3  Rf6 
18. Qh5  Nf8  19. h4  Ne6
 20. b5  axb5  21. axb5
 Rh6  22. Qf3  Rf8
 23. Rfc1  g5  24. hxg5
 Nxg5  25. Qg2  f4
 26. f3  fxe3  27. f4
 Nh3+  28. Kf1  Nxf4
 29. gxf4  Rg8  30. Qh2
 Rxh2  31. Rxh2  Rg7
 32. Ne2  Qd6  33. Ra1
 Qb4  34. f5  Ng8
 35. f6  Nxf6  36. Ra8+
 Rg8   0-1

[Event "Skakligaen 2020-21"]
[Site "Denmark"]
[Date "2020.10.25"]
[Round "2.2"]
[White "Brynell, Stellan"]
[Black "Bjerre, Jonas Buhl"]
[Result "1/2-1/2"]
[WhiteElo "2414"]
[BlackElo "2559"]
[WhiteFideId "1700219"]
[BlackFideId "1444948"]
[EventDate "2020.10.25"]
[EventType "team-tourn"]
[EventRounds "9"]
[EventCountry "DEN"]
[WhiteTeam "Nordkalotten"]
[BlackTeam "Skanderborg"]
[WhiteTeamCountry "DEN"]
[BlackTeamCountry "DEN"]

1. d4  Nf6  2. Nf3  d5
 3. c4  e6  4. g3
 dxc4  5. Bg2  a6
 6. O-O  Nc6  7. e3
 Rb8  8. Qe2  b5 
9. b3  cxb3  10. axb3  Bd6
 11. Bb2  Nb4  12. Rc1
 Bb7  13. Nbd2  O-O
 14. Ne1  Bxg2  15. Kxg2
 Rb6  16. Ba3  Re8
 17. Ndf3  a5  18. Bxb4
 axb4  19. e4  e5
 20. dxe5  Bxe5  21. Nxe5
 Rxe5  22. Rd1  Qf8
 23. f3  Re8  24. Ra7
 c6  25. Qf2  Rbb8
 26. Rc1  Qd6  27. Ra6
 Rbc8  28. Qe2  Red8
 29. e5  Qe6  30. Nd3
 Nd5  31. Nc5  Qe7
 32. f4  Nc3  33. Qe3
 h5  34. Rc2  h4 
35. Ne4  h3+  36. Kxh3  Qe6+
 37. g4  Nd5  38. Qf3
 Nxf4+  39. Qxf4  Qxb3+
 40. Kh4  Qxc2  41. e6
 f6  42. Ra7  Qb2
 43. Kh5  f5  44. gxf5
 Qg2  45. Ng5  Qb2
 46. Ne4  Qg2  47. Ng5
 Qb2  1/2-1/2

[Event "Skakligaen 2020-21"]
[Site "Denmark"]
[Date "2020.10.25"]
[Round "2.3"]
[White "Ochsner, Bjorn Moller"]
[Black "Kristensen, Kaare Hove"]
[Result "1-0"]
[WhiteElo "2482"]
[BlackElo "2356"]
[WhiteFideId "1416928"]
[BlackFideId "1400940"]
[EventDate "2020.10.25"]
[EventType "team-tourn"]
[EventRounds "9"]
[EventCountry "DEN"]
[WhiteTeam "Skanderborg"]
[BlackTeam "Nordkalotten"]
[WhiteTeamCountry "DEN"]
[BlackTeamCountry "DEN"]

1. e4  c5  2. Nf3  Nf6
 3. e5  Nd5  4. c3
 d6  5. Bc4  e6 
6. d4  Be7  7. O-O  O-O
 8. exd6  Qxd6  9. dxc5
 Qxc5  10. Bd3  Nd7
 11. a3  Qc7  12. Qc2
 N5f6  13. Re1  a6
 14. Bg5  Nc5  15. Bf1
 Bd7  16. Nbd2  Rfd8
 17. b4  Ba4  18. Qb1
 Ncd7  19. c4  Bc6
 20. Qb2  Nf8  21. Ne5
 Ng6  22. Nxc6  Qxc6
 23. h3  a5  24. Nf3
 axb4  25. axb4  Rxa1
 26. Rxa1  Ne4  27. Bxe7
 Nxe7  28. Re1  b6
 29. Qe5  Nf6  30. Ra1
 Ng6  31. Qe3  Qb7
 32. g3  h6  33. Bg2
 Qc7  34. Rc1  e5
 35. c5  Nd5  36. Qe4
 Nf6  37. Qc4  e4
 38. Ne1  Ne5  39. Qb5
  1-0

[Event "Skakligaen 2020-21"]
[Site "Denmark"]
[Date "2020.10.25"]
[Round "2.4"]
[White "Hove, Esben Kjems"]
[Black "Rostgaard, Tobias Valentin"]
[Result "1-0"]
[WhiteElo "2318"]
[BlackElo "2354"]
[WhiteFideId "1401505"]
[BlackFideId "1408801"]
[EventDate "2020.10.25"]
[EventType "team-tourn"]
[EventRounds "9"]
[EventCountry "DEN"]
[WhiteTeam "Nordkalotten"]
[BlackTeam "Skanderborg"]
[WhiteTeamCountry "DEN"]
[BlackTeamCountry "DEN"]

1. d4  d5  2. Nf3  Nf6
 3. Bf4  g6  4. Nbd2
 Bg7  5. h3  O-O 
6. e3  b6  7. Be2  Bb7
 8. O-O  c5  9. c3
 Nc6  10. Ne5  Nd7
 11. Nxc6  Bxc6  12. Nf3
 Re8  13. Qc2  b5
 14. Rfd1  Qb6  15. h4
 h5  16. Ng5  Nf8
 17. Bg3  Rac8  18. b4
 cxd4  19. cxd4  Bd7
 20. Qb3  Bf5  21. Rac1
 Rc4  22. Bxc4  bxc4
 23. Qa4  Rc8  24. Rc3
 f6  25. Nf3  Ne6
 26. Nd2  Nc7  27. Nxc4
 dxc4  28. Rxc4  Nb5
 29. Rxc8+  Bxc8  30. Rc1
 Bb7  31. Qc2  f5
 32. Qc5  Bf8  33. a4
 Na3  34. Qxb6  axb6
 35. Rc3  Nb1  36. Rc7
 Bd5  37. a5  bxa5
 38. bxa5  Na3  39. a6
 Nc4  40. Rc5  e6
 41. Rxd5   1-0

[Event "Skakligaen 2020-21"]
[Site "Denmark"]
[Date "2020.10.25"]
[Round "2.5"]
[White "Olsen, Filip Boe"]
[Black "Sylvan, Jacob"]
[Result "1/2-1/2"]
[WhiteElo "2360"]
[BlackElo "2301"]
[WhiteFideId "1440640"]
[BlackFideId "1402137"]
[EventDate "2020.10.25"]
[EventType "team-tourn"]
[EventRounds "9"]
[EventCountry "DEN"]
[WhiteTeam "Skanderborg"]
[BlackTeam "Nordkalotten"]
[WhiteTeamCountry "DEN"]
[BlackTeamCountry "DEN"]

1. d4  Nf6  2. c4  e6
 3. Nf3  Bb4+  4. Bd2
 c5  5. Bxb4  cxb4
 6. e3  b6  7. Be2
 Bb7  8. O-O  O-O
 9. a3  bxa3  10. b4
 a5  11. bxa5  Rxa5
 12. Rxa3  Rxa3  13. Nxa3
 d5  14. Qb3  dxc4
 15. Nxc4  Nbd7  16. Rb1
 Nd5  17. Bf1  Ba8
 18. e4  N5f6  19. e5
 Nd5  20. Ra1  Qb8
 21. Nd6  f6  22. Qa4
 Qc7  23. Bb5  Nc3
 24. Qc4  Qxc4  25. Bxc4
 Bd5  26. Bxd5  Nxd5
 27. exf6  gxf6 28. h4  Nb8
 29. Re1  Nc7  30. Rb1
 Nd5  31. Re1  Nc7
 32. Rb1  Nd5  33. Re1
  1/2-1/2

[Event "Skakligaen 2020-21"]
[Site "Denmark"]
[Date "2020.10.25"]
[Round "2.6"]
[White "Schmidt, Kristen"]
[Black "Andersen, Jackie"]
[Result "1-0"]
[WhiteElo "2287"]
[BlackElo "2406"]
[WhiteFideId "1400436"]
[BlackFideId "1402650"]
[EventDate "2020.10.25"]
[EventType "team-tourn"]
[EventRounds "9"]
[EventCountry "DEN"]
[WhiteTeam "Nordkalotten"]
[BlackTeam "Skanderborg"]
[WhiteTeamCountry "DEN"]
[BlackTeamCountry "DEN"]

1. e4  c5  2. Nf3  d6
 3. d4  Nd7  4. c4
 cxd4  5. Nxd4  g6
 6. Nc3  Bg7  7. Be3
 Ngf6  8. Be2  b6
 9. O-O  Bb7  10. f3
 a6  11. Qd2  O-O
 12. Rac1  Re8  13. Rfd1
 Rc8  14. Nb3  Ne5
 15. Nd5  Nfd7  16. f4
 Nc6  17. Bg4  e6
 18. Nc3  Bf8  19. e5
 Ncxe5  20. fxe5  Nxe5
 21. Be2  Nxc4  22. Bxc4
 Rxc4  23. Qf2  b5
 24. Nd2  Rg4  25. Nf3
 Qa8  26. Rf1  f5
 27. h3  Rc4  28. b3
 Rc7  29. Nd5  Rxc1
 30. Nf6+  Kh8  31. Rxc1
 Re7  32. Ng5  h5
 33. g4  Bg7  34. gxf5
 Bxf6  35. fxg6  Be5
 36. Nf7+  Kg8  37. Nxe5
 dxe5  38. Kh2  Bf3
 39. Bh6  Re8  40. Qg3
 Qe4  41. Rf1  Be2
 42. Qf2  Qxg6  43. Rg1
 Bg4  44. Be3  Rf8
 45. Qh4  Qf6  46. Qxf6
 Rxf6  47. hxg4  hxg4
 48. Rxg4+  Kf7  49. Rg2
 Rf3  50. Rf2  Rf5
 51. Kg3  Ke7  52. Kg4
 Rxf2  53. Bxf2  Kd6
 54. Kf3  Kd5  55. Bb6
 Kc6  56. Ba5  Kd5
 57. Ke3  e4  58. Bc3
  1-0

[Event "Skakligaen 2020-21"]
[Site "Denmark"]
[Date "2020.10.25"]
[Round "2.7"]
[White "Pedersen, Nicolai Vesterbaek"]
[Black "Nielsen, Lars Aaes"]
[Result "1/2-1/2"]
[WhiteElo "2374"]
[BlackElo "2189"]
[WhiteFideId "1402340"]
[BlackFideId "1401726"]
[EventDate "2020.10.25"]
[EventType "team-tourn"]
[EventRounds "9"]
[EventCountry "DEN"]
[WhiteTeam "Skanderborg"]
[BlackTeam "Nordkalotten"]
[WhiteTeamCountry "DEN"]
[BlackTeamCountry "DEN"]

1. d4  e6  2. Nf3  b6
 3. e4  d5  4. Nc3
 Bb4  5. exd5  Qxd5
 6. Bd3  Nf6  7. O-O
 Bxc3  8. bxc3  Bb7
 9. Re1  Nbd7  10. a4
 Qh5  11. Be2  Qa5
 12. c4  Ne4  13. Bd3
 Ndf6  14. Bd2  Nxd2
 15. Qxd2  Qxd2  16. Nxd2
 O-O  17. a5  Rfd8
 18. Nb3  Nd7  19. Ra3
  1/2-1/2

[Event "Skakligaen 2020-21"]
[Site "Denmark"]
[Date "2020.10.25"]
[Round "2.8"]
[White "Pedersen, Daniel Vesterbaek"]
[Black "Brondt, Nicolai Kvist"]
[Result "0-1"]
[WhiteElo "2136"]
[BlackElo "2226"]
[WhiteFideId "1402161"]
[BlackFideId "1413848"]
[EventDate "2020.10.25"]
[EventType "team-tourn"]
[EventRounds "9"]
[EventCountry "DEN"]
[WhiteTeam "Nordkalotten"]
[BlackTeam "Skanderborg"]
[WhiteTeamCountry "DEN"]
[BlackTeamCountry "DEN"]

1. Nf3  Nf6  2. c4  b6
 3. g3  Bb7  4. Bg2
 g6  5. d4  Bg7 
6. O-O  O-O  7. Nbd2  c5
 8. dxc5  bxc5  9. Qc2
 Nc6  10. a3  Qb6
 11. Rb1  d6  12. e3
 a5  13. b3  Rfb8
 14. Bb2  a4  15. Bc3
 axb3  16. Rxb3  Qc7
 17. Rfb1  Bc8  18. Rxb8
 Rxb8  19. Rxb8  Qxb8
 20. a4  Nd7  21. Bxg7
 Kxg7  22. Ng5  Nb4
 23. Qb2+  f6  24. Ne6+
 Kf7  25. Nf4  Qa7
 26. Qa1  Bb7  27. Bxb7
 Qxb7  28. a5  Ne5
 29. Qa4  g5  30. Ne2
 Nbd3  31. Qa3  Nb4
 32. e4  Qa6  33. f4
 Nxc4  34. Qb3  d5
 35. Nxc4  dxc4  36. Qf3
 h6  37. f5  Qxa5
 38. Qh5+  Kf8  39. Qxh6+
 Ke8  40. h4  Nd3
 41. Qh5+  Kd7  42. hxg5
 Qe1+  43. Kg2  Qf2+
 44. Kh3  fxg5  45. Nc3
 Qe1  46. Ne2  g4+
  0-1

[Event "Skakligaen 2020-21"]
[Site "Denmark"]
[Date "2020.10.25"]
[Round "2"]
[White "Rasmussen, Allan Stig"]
[Black "Nielsen, Viktor Haarmark"]
[Result "1-0"]
[WhiteElo "2559"]
[BlackElo "2327"]
[WhiteFideId "1406000"]
[BlackFideId "1444492"]
[EventDate "2020.10.25"]
[EventType "team-tourn"]
[EventRounds "9"]
[EventCountry "DEN"]
[WhiteTeam "Jetsmark"]
[BlackTeam "Obro"]
[WhiteTeamCountry "DEN"]
[BlackTeamCountry "DEN"]

1. d4  d5  2. c4  c6
 3. Nf3  Nf6  4. e3
 Bf5  5. Nc3  a6 
6. Nh4  Bc8  7. a4  e6
 8. Nf3  c5  9. Be2
 Nc6  10. O-O  dxc4
 11. Bxc4  cxd4  12. exd4
 Be7  13. Bg5  O-O
 14. Re1  Nb4  15. Ne5
 Nbd5  16. Qf3  Nxc3
 17. bxc3  Nd5  18. Bxd5
 Bxg5  19. Bxb7  Bxb7
 20. Qxb7  Bd2  21. Red1
 Bxc3  22. Nc6  Qd6
 23. Rab1  a5  24. d5
 Kh8  25. dxe6  Qxe6
 26. Nb8  Raxb8  27. Qxb8
 Bb4  28. Rxb4  axb4
 29. Qxf8#  1-0

[Event "Skakligaen 2020-21"]
[Site "Denmark"]
[Date "2020.10.25"]
[Round "2"]
[White "Hurtado, Javier Marchena"]
[Black "Baekgaard, Martin"]
[Result "1-0"]
[WhiteElo "2344"]
[BlackElo "2328"]
[WhiteFideId "2271583"]
[BlackFideId "1405586"]
[EventDate "2020.10.25"]
[EventType "team-tourn"]
[EventRounds "9"]
[EventCountry "DEN"]
[WhiteTeam "Obro"]
[BlackTeam "Jetsmark"]
[WhiteTeamCountry "DEN"]
[BlackTeamCountry "DEN"]

1. e4  e5  2. Nf3  Nc6
 3. Bc4  Nf6  4. d3
 Be7  5. O-O  O-O
 6. Re1  d6  7. a4
 Na5  8. Ba2  c5 
9. Nc3  Nc6  10. Bg5  Ne8
 11. Be3  Nc7  12. Nd5
 Nxd5  13. Bxd5  Kh8
 14. c3  f5  15. h3
 Bf6  16. Qb3  Qe8
 17. exf5  Na5  18. Qa3
 Bxf5  19. b4  cxb4
 20. cxb4  Nc6  21. b5
 Ne7  22. Bxb7  Rd8
 23. Be4  Be6  24. d4
 d5  25. dxe5  dxe4
 26. exf6  gxf6  27. Bc5
 Rd3  28. Qb4  exf3
 29. Rxe6  Rg8  30. g4
  1-0

[Event "Skakligaen 2020-21"]
[Site "Denmark"]
[Date "2020.10.25"]
[Round "2"]
[White "Jensen, Bjarke"]
[Black "Hansen, Mads Smith"]
[Result "1/2-1/2"]
[WhiteElo "2358"]
[BlackElo "2378"]
[WhiteFideId "1403702"]
[BlackFideId "1400258"]
[EventDate "2020.10.25"]
[EventType "team-tourn"]
[EventRounds "9"]
[EventCountry "DEN"]
[WhiteTeam "Jetsmark"]
[BlackTeam "Obro"]
[WhiteTeamCountry "DEN"]
[BlackTeamCountry "DEN"]

1. e4  c5  2. Nf3  Nc6
 3. d4  cxd4  4. Nxd4
 e5  5. Nb5  a6 
6. Nd6+  Bxd6  7. Qxd6  Qf6
 8. Qd3  Nge7  9. Be3
 d5  10. exd5  Nb4
 11. Qd2  Nbxd5  12. Bg5
 Qg6  13. Bxe7  Nxe7
 14. Nc3  Nc6  15. Bd3
 Bf5  16. Bxf5  Qxf5
 17. Qd6  Rd8  18. Qc5
 Qf4  19. O-O  Qd4
 20. Qa3  Qb4  21. Qxb4
 Nxb4  22. Rfe1   1/2-1/2

[Event "Skakligaen 2020-21"]
[Site "Denmark"]
[Date "2020.10.25"]
[Round "2"]
[White "Hansen, Soren Bech"]
[Black "Wiwe, Andreas"]
[Result "1-0"]
[WhiteElo "2272"]
[BlackElo "2315"]
[WhiteFideId "1400681"]
[BlackFideId "1407937"]
[EventDate "2020.10.25"]
[EventType "team-tourn"]
[EventRounds "9"]
[EventCountry "DEN"]
[WhiteTeam "Obro"]
[BlackTeam "Jetsmark"]
[WhiteTeamCountry "DEN"]
[BlackTeamCountry "DEN"]

1. e4  c5  2. Nf3  e6
 3. c3  Nf6  4. e5
 Nd5  5. d4  cxd4
 6. cxd4  d6  7. Bc4
 Nc6  8. O-O  Be7
 9. Bd2  O-O  10. Nc3
 Nxc3  11. Bxc3  dxe5
 12. dxe5  b6  13. Qe2
 Bb7  14. a3  Qc7
 15. Rac1  Rac8  16. h4
 Rfd8  17. Bd3  Rd7
 18. Bb1  Qd8  19. h5
 Nb8  20. Rfd1  Na6
 21. Rxd7  Qxd7  22. Rd1
 Qe8  23. Rd4  Nc7
 24. Rg4  Ba6  25. Qe4
 g6  26. Bb4  Bxb4
 27. axb4  Nd5  28. Nd4
 Rc4  29. Ba2  f5
 30. exf6  Nxf6  31. Qf4
 Nxg4  32. Bxc4  Bxc4
 33. Qxg4  e5  34. Nc2
 Qe6  35. Qg5  Qd6
 36. Ne3  Bd3  37. h6
 Kf7  38. Qg4  Qc7
 39. Qf3+  Bf5  40. Nxf5
 gxf5  41. Qxf5+  Ke8
 42. Qe6+  Qe7  43. Qg8+
 Kd7  44. b5  Kd6
 45. Qg7  Ke6  46. Qxe7+
 Kxe7  47. Kf1  Kf6
 48. Ke2   1-0

[Event "Skakligaen 2020-21"]
[Site "Denmark"]
[Date "2020.10.25"]
[Round "2"]
[White "Rosenkilde, Alexander"]
[Black "Larsen, Karsten"]
[Result "1/2-1/2"]
[WhiteElo "2250"]
[BlackElo "2242"]
[WhiteFideId "1408488"]
[BlackFideId "1404288"]
[EventDate "2020.10.25"]
[EventType "team-tourn"]
[EventRounds "9"]
[EventCountry "DEN"]
[WhiteTeam "Jetsmark"]
[BlackTeam "Obro"]
[WhiteTeamCountry "DEN"]
[BlackTeamCountry "DEN"]

1. d4  d5  2. c4  e6
 3. Nf3  Nf6  4. g3
 Nc6  5. Bg2  dxc4
 6. Qa4  Nd7  7. Qxc4
 Nb6  8. Qb5  Bd7
 9. Qb3  Be7  10. O-O
 O-O  11. Nc3  a5
 12. e4  Bf6  13. Rd1
 Nb4  14. a4  Re8
 15. Be3  Bc6  16. Ne1
 Be7  17. f4  Bd6
  1/2-1/2

[Event "Skakligaen 2020-21"]
[Site "Denmark"]
[Date "2020.10.25"]
[Round "2"]
[White "Rasmussen, Casper Dahl"]
[Black "Christensen, Stefan"]
[Result "1/2-1/2"]
[WhiteElo "2281"]
[BlackElo "2265"]
[WhiteFideId "1402005"]
[BlackFideId "1404148"]
[EventDate "2020.10.25"]
[EventType "team-tourn"]
[EventRounds "9"]
[EventCountry "DEN"]
[WhiteTeam "Obro"]
[BlackTeam "Jetsmark"]
[WhiteTeamCountry "DEN"]
[BlackTeamCountry "DEN"]

1. Nf3  Nf6  2. c4  b6
 3. g3  Bb7  4. Bg2
 e6  5. O-O  Be7 
6. Nc3  O-O  7. Re1  Ne4
 8. Nxe4  Bxe4  9. d3
 Bb7  10. e4  c5 
11. d4  cxd4  12. Nxd4  d6
 13. b3  a6  14. Ba3
 Qc7  15. Qd2  Rd8
 16. Rad1  Nc6  17. Re2
 Rac8  18. h3  Bf8
 19. Kh2  Rd7  20. Qe3
 Nxd4  21. Qxd4  Bc6
 22. Red2  Rcd8  23. Qe3
 Qb7  24. f4  h6 
25. Qe2  b5  26. e5  dxe5
 27. Rxd7  Rxd7  28. Rxd7
 Qxd7  29. Bxf8  Kxf8
 30. Qxe5  Bxg2  31. Qc5+
 Kg8  32. Kxg2  bxc4
 33. bxc4  Qb7+  34. Kf2
 Qb2+  35. Kf3  Qxa2
 36. Qc8+  Kh7  37. c5
 Qb3+  38. Kf2  Qc2+
 39. Kf3  Qc3+  40. Kf2
 a5  41. c6  a4 
42. c7  a3  43. Qb7  a2
 44. c8=Q  Qxc8  45. Qxc8
 a1=Q  46. Qc2+  g6
 47. h4  Qd4+  48. Kg2
 Kg7  49. Kh2  h5
 50. Kg2  Kf6  51. Kh2
 Qd5  52. Kg1  e5
 53. fxe5+  Kxe5  54. Kh2
 Qf3  55. Qb2+  Ke4
 56. Qb7+  Ke3  57. Qb3+
 Kf2  58. Qa2+  Ke1
 59. Qa5+  Kf1 60. Qa1+  Kf2
 61. Qa2+  Ke3  62. Qa3+
 Ke4  63. Qa8+  Ke3
 64. Qa3+  Ke4   1/2-1/2

[Event "Skakligaen 2020-21"]
[Site "Denmark"]
[Date "2020.10.25"]
[Round "2"]
[White "Rathlev, Jakob"]
[Black "Simonsen, Carsten"]
[Result "0-1"]
[WhiteElo "2210"]
[BlackElo "2237"]
[WhiteFideId "1405284"]
[BlackFideId "1439898"]
[EventDate "2020.10.25"]
[EventType "team-tourn"]
[EventRounds "9"]
[EventCountry "DEN"]
[WhiteTeam "Jetsmark"]
[BlackTeam "Obro"]
[WhiteTeamCountry "DEN"]
[BlackTeamCountry "DEN"]

1. b3  Nf6  2. Bb2  e6
 3. Nf3  d5  4. c4
 Be7  5. g3  O-O 
6. Bg2  b6  7. O-O  Bb7
 8. e3  c5  9. Qe2
 Qc8  10. Nc3  Rd8
 11. Rfd1  d4  12. exd4
 cxd4  13. Nb5  d3
 14. Qe3  Nc6  15. Nbd4
 Bc5  16. Nxc6  Bxc6
 17. Qf4  Ne4  18. Ne5
 f5  19. Nxc6  Qxc6
 20. Qe5  Rd7  21. Rf1
 Rf8  22. Bc3  a5
 23. a4  Rdf7  24. Rae1
 Qd7  25. Bf3  Nxc3
 26. dxc3  d2  27. Rd1
 Rd8  28. Kg2  Qd6
 29. Qxd6  Rxd6  30. Ra1
 Rd3  31. Ra2  Rfd7
 32. Rd1  Be7  33. Be2
 R3d6  34. f4  g5
 35. Rc2  gxf4  36. gxf4
 Bh4  37. b4  Be1
 38. c5  bxc5  39. bxc5
 Rc6  40. Bb5  Rg7+
 41. Kf3  Rxc5  42. c4
 Kf7  43. Rc3  e5
 44. fxe5  Ke6  45. Re3
 Rxe5  46. c5  Rxe3+
 47. Kxe3  Rg2  48. c6
 Kd6  49. Kf4  Rxh2
 50. Kxf5  Rh3  51. Ke4
 Rc3  52. Kd4  Rc1
 53. Be2  Kxc6  54. Bh5
 Kd6  55. Bg4  Ke7
 56. Ke5  h5  57. Be2
 h4  58. Kf4  Kd6
  0-1

[Event "Skakligaen 2020-21"]
[Site "Denmark"]
[Date "2020.10.25"]
[Round "2"]
[White "Jorgensen, Brian Jorgen"]
[Black "Grubert, Christian"]
[Result "1-0"]
[WhiteElo "2227"]
[BlackElo "2148"]
[WhiteFideId "1401548"]
[BlackFideId "1406744"]
[EventDate "2020.10.25"]
[EventType "team-tourn"]
[EventRounds "9"]
[EventCountry "DEN"]
[WhiteTeam "Obro"]
[BlackTeam "Jetsmark"]
[WhiteTeamCountry "DEN"]
[BlackTeamCountry "DEN"]

1. d4  f5  2. Nf3  Nf6
 3. g3  e6  4. Bg2
 Be7  5. O-O  O-O
 6. c4  d6  7. b3
 Ne4  8. Bb2  Bf6
 9. Nbd2  Nc6  10. e3
 Nxd2  11. Nxd2  Qe8
 12. f4  b6  13. b4
 Bb7  14. g4  g6 
15. b5  Na5  16. Bxb7  Nxb7
 17. Qf3  Rb8  18. e4
 fxg4  19. Qxg4  Qe7
 20. e5  dxe5  21. fxe5
 Bg7  22. Ne4  Rf5
 23. Ng3  Rxf1+  24. Rxf1
 Rf8  25. Rxf8+  Bxf8
 26. Ne4  Nd8  27. Bc3
 Bg7  28. h4  Nf7
 29. h5  Nh6  30. Qg5
 Kf7  31. hxg6+  hxg6
 32. d5  Nf5  33. d6
 Qd7  34. Nf6  Qd8
 35. d7  Bh6  36. Qg2
 Be3+  37. Kf1  Qh8
 38. Qc6  Bc5  39. Nh7
 Qd8  40. Bd2  Be7
 41. Bc3  Bc5  42. Nf6
 Qh8  43. Qf3  Ne3+
 44. Ke2  Qh2+  45. Qf2
 Qxf2+  46. Kxf2  Nxc4+
 47. Ke2  Ke7  48. a4
 Kd8  49. Kd3  Ne3
 50. Ne4  Nd5  51. Nxc5
 bxc5  52. Bd2  Kxd7
 53. a5  c6  54. Kc4
 cxb5+  55. Kxb5  Ne7
 56. Kxc5  Nc6  57. Kb5
 Nxe5  58. Be3  Nc6
 59. Ka6  Kc7  60. Bxa7
 Nxa7  61. Kxa7  g5
 62. a6  g4  63. Ka8
 g3  64. a7  Kb6 
65. Kb8  g2  66. a8=Q   1-0